• 首页
  • 本馆介绍
  • 公告通知
  • 最新文献
  • 馆藏检索
  • 电子资源
  • 读者导购
  • 参考咨询
  • 我的图书馆
  • 登录
  • 详细信息显示
  • 放入我的书架
  • 预约/预借图书
  • 作者相关作品
  • 分类相关作品
  • 丛书相关作品
  • 出版社相关作品

书目信息

  • 表格格式
  • 工作单格式
  • 卡片格式
题名:
世界资源报告
    
 
作者: 世界资源研究所 编 ;程伟雪 译
分册:  
出版信息: 北京   中国环境科学出版社  1996.12
页数: 385页
开本: 32开
丛书名:
单 册:
中图分类: X37
科图分类:
主题词: 自然资源--开发--合理 , ?0 , 安全学 , 自然资源--环境?
电子资源:
ISBN: 7-80135-185-1
000 00759nam0 2200253 45
001 0106211111
005 20031219104050.7
010    @a7-80135-185-1@b精装@dCNY48.00
100    @a20010621d1996 km y0chiy0120 ea
101 0  @achi
105    @a z 000yy
200 1  @a世界资源报告@AShi Jie Zi Yuan Bao Gao@e1996-1997@f世界资源研究所等编@FShi Jie Zi Yuan Yan Jiu Suo Deng Bian@g程伟雪等译
210    @a北京@c中国环境科学出版社@d1996.12
215    @a385页@d32开
517    @a1996-1997
606 0  @a自然资源@x开发@x合理
606 0  @a?0
606    @a安全学
606 0  @a自然资源@x环境?
690    @aX37@v4
701    @a世界资源研究所@4编
702  0 @a程伟雪@ACheng Wei Xue@4译
801    @aCN@bTSTC@c20010621
905    @f4@b298595-598@dX37@e11:(96-97)
    
    世界资源报告:1996-1997/世界资源研究所等编/程伟雪等译.-北京:中国环境科学出版社,1996.12
    385页;32开
    
    
    ISBN 7-80135-185-1(精装):CNY48.00
    
●
相关链接 在E读中查询图书 在五车中查询图书 在当当中查询图书 在豆瓣中查询图书


正题名:世界资源报告     索取号:X37/11:(96-97)         预约/预借

序号 登录号 条形码 馆藏地/架位号 状态 备注
1 0298595   202985957   第三借阅区/ [索取号:X37/11:(96-97)] 在馆    
2 0298596   202985966   第三借阅区/ [索取号:X37/11:(96-97)] 在馆    
3 0298597   202985975   第三借阅区/ [索取号:X37/11:(96-97)] 在馆    
4 0298598   202985984   第二样本阅览室/ [索取号:X37/11:(96-97)] 在馆    
唐山师范学院图书馆 欢迎您!
大连网信软件有限公司© 版权所有